| 000 | 00496nam a22001577a 4500 | ||
|---|---|---|---|
| 003 | OSt | ||
| 008 | 260423b |||||||| |||| 00| 0 eng d | ||
| 082 |
_a634.43 _bF17E |
||
| 100 | _aFaridi, S.M Rashid Azhar | ||
| 245 | _aEffect of Chemicals and Packaging Materials on Ripening and Quality Characters of Sapota (Manilkara achras (Mill.) Forsberg). | ||
| 260 |
_aBAU, Sabour _bRAU, Pusa _c2001 |
||
| 300 | _a110P. | ||
| 502 |
_bMsc. _d2001 |
||
| 650 | _aFruit and Fruit Technology | ||
| 942 |
_2ddc _cT |
||
| 999 |
_c50111 _d50111 |
||